<?xml version="1.0" encoding="UTF-8"?>
<record
    xmlns:xsi="http://www.w3.org/2001/XMLSchema-instance"
    xsi:schemaLocation="http://www.loc.gov/MARC21/slim http://www.loc.gov/standards/marcxml/schema/MARC21slim.xsd"
    xmlns="http://www.loc.gov/MARC21/slim">

  <leader>00699nam a22001697a 4500</leader>
  <controlfield tag="005">20230927114751.0</controlfield>
  <datafield tag="020" ind1=" " ind2=" ">
    <subfield code="a">9789354498398</subfield>
    <subfield code="c">620.00</subfield>
  </datafield>
  <datafield tag="082" ind1=" " ind2=" ">
    <subfield code="a">540</subfield>
    <subfield code="2">Tenth</subfield>
  </datafield>
  <datafield tag="245" ind1=" " ind2=" ">
    <subfield code="a">Pearsons IIT Foundation Physics 2022 :</subfield>
    <subfield code="b">Paper-1 &amp; Paper 2 2013-2022 /</subfield>
  </datafield>
  <datafield tag="250" ind1=" " ind2=" ">
    <subfield code="a">Tenth</subfield>
  </datafield>
  <datafield tag="260" ind1=" " ind2=" ">
    <subfield code="a">Noida</subfield>
    <subfield code="b">Pearson India Education Services Private Limited </subfield>
    <subfield code="c">2022</subfield>
  </datafield>
  <datafield tag="270" ind1=" " ind2=" ">
    <subfield code="a">15th, Floor , Tower-B, World Trade Tower, Plot no 1, Block- C, Sector-16</subfield>
    <subfield code="b">Uttar Pradesh </subfield>
    <subfield code="e">201301</subfield>
    <subfield code="k">044-66540100</subfield>
    <subfield code="k">9821874015</subfield>
  </datafield>
  <datafield tag="300" ind1=" " ind2=" ">
    <subfield code="a">vp.</subfield>
    <subfield code="c">26cm(pbk)</subfield>
  </datafield>
  <datafield tag="500" ind1=" " ind2=" ">
    <subfield code="a">A Pathway to Crack JEE Useful for NTSE and Other Olympiad Exams </subfield>
  </datafield>
  <datafield tag="942" ind1=" " ind2=" ">
    <subfield code="2">ddc</subfield>
    <subfield code="c">EN</subfield>
    <subfield code="h">540</subfield>
    <subfield code="m">PEA</subfield>
  </datafield>
  <datafield tag="999" ind1=" " ind2=" ">
    <subfield code="c">198585</subfield>
    <subfield code="d">198585</subfield>
  </datafield>
  <datafield tag="952" ind1=" " ind2=" ">
    <subfield code="0">0</subfield>
    <subfield code="1">0</subfield>
    <subfield code="4">0</subfield>
    <subfield code="7">0</subfield>
    <subfield code="8">NFIC</subfield>
    <subfield code="a">M</subfield>
    <subfield code="b">M</subfield>
    <subfield code="d">2023-09-27</subfield>
    <subfield code="e">GIFT</subfield>
    <subfield code="g">620.00</subfield>
    <subfield code="l">0</subfield>
    <subfield code="o">540 PEA</subfield>
    <subfield code="p">B-755857</subfield>
    <subfield code="r">2023-09-27 00:00:00</subfield>
    <subfield code="t">1</subfield>
    <subfield code="v">620.00</subfield>
    <subfield code="w">2023-09-27</subfield>
    <subfield code="y">EN</subfield>
  </datafield>
</record>
